Skshama ka dand (Record no. 520827)
[ view plain ]
| 000 -LEADER | |
|---|---|
| fixed length control field | 00215nam a22000977a 4500 |
| 082 ## - DEWEY DECIMAL CLASSIFICATION NUMBER | |
| Classification number | TNC A99 P65 |
| 100 ## - MAIN ENTRY--PERSONAL NAME | |
| Personal name | Pandey, S.P. |
| 9 (RLIN) | 33715 |
| 245 ## - TITLE STATEMENT | |
| Title | Skshama ka dand |
| 260 ## - PUBLICATION, DISTRIBUTION, ETC. (IMPRINT) | |
| Place of publication, distribution, etc | Allahabad |
| Name of publisher, distributor, etc | Adhunik |
| Date of publication, distribution, etc | 1990 |
| 300 ## - PHYSICAL DESCRIPTION | |
| Extent | 27p. |
| Withdrawn status | Lost status | Source of classification or shelving scheme | Damaged status | Koha normalized classification for sorting | Not for loan | Permanent location | Current location | Date acquired | Full call number | Barcode | Date last seen | Price effective from | Koha item type |
|---|---|---|---|---|---|---|---|---|---|---|---|---|---|
| TNC_A99_P65 | Indian Institute of Public Administration | Indian Institute of Public Administration | 2022-10-18 | TNC A99 P65 | gr24082 | 2022-10-18 | 2022-10-18 | GR |
